Państwa z księżycem w fladze - Statystyki

Ogólne statystyki
  • Ten quiz został rozwiązany 48 razy
  • Średni wynik to 7 z 12
Statystyki odpowiedzi
Odpowiedź % Poprawnych
Turcja
98%
Tunezja
88%
Algieria
74%
Pakistan
65%
Turkmenistan
60%
Uzbekistan
58%
Azerbejdżan
53%
Malezja
49%
Mauretania
40%
Singapur
37%
Komory
33%
Malediwy
28%
Nie znaleziono quizów pasujących do podanych kryteriów
Rozkład punktacji
Procent ludzi z każdym wynikiem
Percentyl według liczby udzielonych odpowiedzi
Twoja historia wyników
Nie rozwiązałeś tego quizu